[Event "3rd ACP Blitz Prelim2"]
[Site "playchess.com INT"]
[Date "2004.06.01"]
[Round "15"]
[White "Charbonneau,P"]
[Black "Fernandez,Joh"]
[Result "1/2-1/2"]
[WhiteElo "2484"]
[BlackElo "2153"]

1.e4 c5 2.Nf3 d6 3.Bb5+ Bd7 4.Bxd7+ Qxd7 5.c4 Nc6 6.Nc3 g6 7.d4 cxd4 8.Nxd4 Nf6
9.O-O Bg7 10.Nde2 O-O 11.f3 a6 12.a4 e6 13.b3 Qc7 14.Bb2 Rac8 15.Kh1 Rfd8
16.f4 Nxe4 17.Rb1 Nxc3 18.Nxc3 Nd4 19.Ne4 Qb6 20.a5 Qa7 21.f5 Nxf5 22.Nf6+ Kh8
23.Qg4 Qc5 24.Qh3 h5 25.g4 Nh6 26.gxh5 gxh5 27.Nxh5 Bxb2 28.Rxb2 Rg8 29.Nf4 Qg5
30.Rg2 Qf6 31.Rgf2 Qg5 32.Rg2 Qf6 33.Rgf2 Qg5 34.Rf3 Kh7 35.Rg3 Qf5 36.Nh5 Qxh3
37.Rxh3 Rg6 38.Ng3 f5 39.Rd1  1/2-1/2

[Event "3rd ACP Blitz Prelim2"]
[Site "playchess.com INT"]
[Date "2004.06.01"]
[Round "16"]
[White "Zarnicki,P"]
[Black "Shomoev,A"]
[Result "1-0"]
[WhiteElo "2521"]
[BlackElo "2487"]

1.e4 c5 2.Nf3 d6 3.Bb5+ Bd7 4.Bxd7+ Qxd7 5.O-O Nc6 6.c3 Nf6 7.d4 cxd4 8.cxd4 Nxe4
9.d5 Ne5 10.Re1 Nf6 11.Nxe5 dxe5 12.Rxe5 e6 13.Nc3 Bd6 14.Re1 O-O 15.dxe6 fxe6
16.h3 Rad8 17.Qe2 Bb4 18.Bg5 Bxc3 19.bxc3 Rde8 20.Rad1 Qc6 21.c4 h6 22.Bh4 e5
23.Bg3 Nd7 24.Qd3 Rf7 25.Re2 Re6 26.Red2 Nb6 27.Qa3 Nxc4 28.Rd8+ Kh7 29.Qxa7 e4
30.Re1 e3 31.fxe3 Rg6 32.Qb8 Re6 33.Bf4 Nd2 34.Rxd2 Qb6 35.Qd8 Qxd8 36.Rxd8 Rxf4
37.Rb1 Rxe3 38.Rxb7 Re1+ 39.Kh2 Re6 40.Rdd7 Rg6 41.Rb2 Ra4 42.g4 Rga6 43.Rdd2 Ra3
44.Kg2 Re6 45.Rd7 Rea6 46.Rdd2 Re6 47.Rb3 Ra4 48.a3 Rea6 49.Rdd3 Re6 50.Rb4 Ra5
51.a4 Rea6 52.Rdd4 Ra7 53.Kf3 R7a6 54.h4 Ra7 55.h5 R7a6 56.Kg3 Ra8 57.Rdc4 R5a6
58.Kf3 Ra5 59.Ke4 R5a6 60.Kd3 Ra5 61.Kc3 Re5 62.Kb3 Re3+ 63.Rc3 Re5 64.Rb5 Re4
65.Rb4 Re5 66.Rc7 Rd8 67.Rbc4 Rg5 68.Kb4 Rd1 69.R7c5 Rb1+ 70.Ka5 Rxc5+ 71.Rxc5 Rg1
72.Rc4 g6 73.hxg6+ Kxg6 74.Ka6 Rb1 75.a5 h5 76.gxh5+ Kxh5 77.Rf4 Kg5 78.Rf2 Kg4
79.Ka7 Kg5 80.a6 Kg6 81.Ka8 Kg7 82.a7 Kg8 83.Rf5 Kg7 84.Rc5 Kf6 85.Rc7 Ke6
86.Rb7 Rh1 87.Kb8 Rh8+ 88.Kc7  1-0

[Event "3rd ACP Blitz Prelim2"]
[Site "playchess.com INT"]
[Date "2004.06.01"]
[Round "20"]
[White "Skripchenko,A"]
[Black "Fernandez,Joh"]
[Result "1-0"]
[WhiteElo "2456"]
[BlackElo "2153"]

1.e4 c5 2.Nf3 d6 3.Bb5+ Bd7 4.Bxd7+ Qxd7 5.O-O Nc6 6.Qe2 g6 7.c3 Bg7 8.Rd1 Nf6
9.d4 cxd4 10.cxd4 d5 11.e5 Ne4 12.Nc3 Nxc3 13.bxc3 e6 14.Rb1 O-O 15.h4 Na5
16.h5 Nc4 17.hxg6 hxg6 18.Bg5 b5 19.Rd3 Kh7 20.Bf6 Rh8 21.Ng5+ Kg8 22.Bxg7 Kxg7
23.Rf3 Raf8 24.Rf6 Rh5 25.Qg4 Rfh8 26.Nh3 Rf5 27.Rxf5 exf5 28.Qg5 a6 29.Qf6+ Kg8
30.Nf4 Nd2 31.e6 fxe6 32.Qxg6+ Qg7 33.Qxe6+ Kh7 34.Qxf5+ Kg8 35.Qxd5+ Kh7
36.Re1 Rf8 37.Ne6 Nf3+ 38.Qxf3  1-0

[Event "TCh-BIH"]
[Site "Neum BIH"]
[Date "2004.06.02"]
[Round "5"]
[White "Zelic,Z"]
[Black "Fercec,N"]
[Result "1/2-1/2"]
[WhiteElo "2367"]
[BlackElo "2460"]

1.e4 c5 2.Nf3 d6 3.Bb5+ Nc6 4.d4 cxd4 5.Qxd4 Bd7 6.Bxc6 Bxc6 7.Nc3 Nf6 8.Bg5 e6
9.O-O-O Be7 10.Rhe1 O-O 11.Kb1 Qa5 12.Qd2 Qa6 13.Nd4 Rfc8 14.f3 b5 15.g4 b4
16.Nce2 Be8 17.Ng3  1/2-1/2

[Event "3rd ACP Blitz Prelim5"]
[Site "playchess.com INT"]
[Date "2004.06.04"]
[Round "2"]
[White "Glek,I"]
[Black "Pogonina,N"]
[Result "1-0"]
[WhiteElo "2571"]
[BlackElo "2393"]

1.e4 c5 2.Nf3 d6 3.Bb5+ Bd7 4.Bxd7+ Qxd7 5.O-O Nf6 6.Qe2 Nc6 7.c3 e6 8.d3 Be7
9.Ng5 O-O 10.f4 b5 11.Be3 Rab8 12.Nd2 b4 13.c4 h6 14.Nh3 Nd4 15.Bxd4 cxd4
16.Nf3 Bd8 17.Nf2 Bb6 18.Kh1 d5 19.cxd5 exd5 20.e5 Ng4 21.Nxg4 Qxg4 22.g3 Rbc8
23.Rac1 Rxc1 24.Rxc1 Rc8 25.Rxc8+ Qxc8 26.Qd1 Qa6 27.Qb3 Qb5 28.Kg2 Qc6 29.Qxb4 Qc2+
30.Qd2 Qb1 31.b4 Qa1 32.Qc2 Kh7 33.f5 Qc3 34.Qb3 Qc1 35.Qxd5 Qc2+ 36.Kh3 Qxd3
37.e6 f6 38.e7 Qf1+ 39.Kh4 Qe2 40.Qf7 Qe4+ 41.g4 Qxf3 42.Qg6+  1-0

[Event "3rd ACP Blitz Prelim5"]
[Site "playchess.com INT"]
[Date "2004.06.04"]
[Round "2"]
[White "Gallegos,Ca"]
[Black "Petrosian,TL"]
[Result "0-1"]
[WhiteElo "2452"]
[BlackElo "2539"]

1.e4 c5 2.Nf3 d6 3.Bb5+ Nd7 4.O-O Nf6 5.Re1 e5 6.c3 Be7 7.d4 O-O 8.dxe5 dxe5
9.Nbd2 Qc7 10.a4 a6 11.Bc4 Nb6 12.Ba2 h6 13.a5 Nbd7 14.Nc4 Re8 15.Qb3 Rf8
16.h3 Rb8 17.Ne3 b5 18.axb6 Nxb6 19.Qc2 c4 20.b4 Be6 21.Nf5 Bxf5 22.exf5 Bd6
23.Nd2 Rbd8 24.Ne4 Be7 25.Nc5 Bxc5 26.bxc5 Qxc5 27.Be3 Qc6 28.Bxb6 Qxb6 29.Bxc4 e4
30.Rxa6 Qc5 31.Qa2 Rc8 32.Ra4 Rc7 33.g4 Qe5 34.Re3 Kh7 35.Ra7 Qc5 36.Rxc7 Qxc7
37.Bd5 Kg8 38.c4 Qf4 39.Qe2 h5 40.Rxe4 Nxe4 41.Qxe4 Qxe4 42.Bxe4 hxg4 43.hxg4 Rc8
44.Bd5 Kf8 45.f4 Ke7 46.Kf2 f6 47.Ke3 Kd6 48.Kd4 Rc7 49.Be6 Rc5 50.Bd5 Ra5
51.g5 Rc5 52.gxf6 gxf6 53.Be6 Rc6 54.Bd5 Rc7 55.Be6 Rc5 56.Bd5 Ra5 57.Be6 Ra1
58.c5+ Kc6 59.Bd5+ Kb5 60.Bc4+ Kb4 61.c6 Rc1 62.Bd5 Kb5 63.Bf3 Rc5 64.c7 Rxc7
65.Kd5 Re7 66.Kd6 Re3 67.Bd5 Re1 68.Be6 Rf1 69.Ke7 Rxf4 70.Kxf6 Kc5 71.Ke5 Rf2
72.f6 Re2+ 73.Kf5 Kd6 74.f7 Ke7 75.Bc4 Rc2 76.Bb3 Rc3 77.Bd5 Rc5 78.Ke5 Ra5
79.Kd4 Ra4+ 80.Bc4 Ra1 81.Kc5 Rc1 82.Kd5 Rc2 83.Kd4 Rc1 84.Kd5 Kxf7 85.Kd4+ Kf6
86.Bd5 Rd1+ 87.Kc5 Ke5 88.Bb7 Rc1+ 89.Kb6 Kd6 90.Be4 Rc4 91.Bf3 Rb4+ 92.Ka5 Kc5
93.Ka6 Rb6+ 94.Ka7 Rb3 95.Bg2 Rb2 96.Bf3 Kb5 97.Kb7 Rf2 98.Bd5 Rf5 99.Bc6+ Kc5
100.Kc7 Rf7+ 101.Bd7 Rg7 102.Kc8 Kd6 103.Bf5 Rc7+ 104.Kb8 Kc6 105.Be4+ Kb6
106.Bd5 Rd7 107.Be6 Rd8+ 108.Bc8 Rh8  0-1

[Event "3rd ACP Blitz Prelim5"]
[Site "playchess.com INT"]
[Date "2004.06.04"]
[Round "4"]
[White "Glek,I"]
[Black "Krush,I"]
[Result "1-0"]
[WhiteElo "2571"]
[BlackElo "2465"]

1.e4 c5 2.Nf3 d6 3.Bb5+ Nd7 4.d4 Nf6 5.Nc3 a6 6.Bxd7+ Nxd7 7.O-O e6 8.Bg5 f6
9.Be3 Be7 10.d5 e5 11.a4 b6 12.Nd2 O-O 13.Nc4 Rf7 14.f4 exf4 15.Bxf4 Nf8
16.Bg3 Ng6 17.Qd3 Rb8 18.Rf2 Qf8 19.Raf1 Bd7 20.Ne3 b5 21.axb5 axb5 22.Nf5 b4
23.Ne2 Bb5 24.Qf3 Ra8 25.h4 Qd8 26.Qg4 Kh8 27.h5 Nf8 28.Nf4 Bxf1 29.Rxf1 Qd7
30.Ng6+ Nxg6 31.hxg6 hxg6 32.Qxg6 Qe8 33.Kf2 Kg8 34.Rh1 Bd8 35.Qh7+ Kf8 36.Qh8+  1-0

[Event "3rd ACP Blitz Prelim5"]
[Site "playchess.com INT"]
[Date "2004.06.04"]
[Round "6"]
[White "Potkin,V"]
[Black "Petrosian,TL"]
[Result "1/2-1/2"]
[WhiteElo "2540"]
[BlackElo "2539"]

1.e4 c5 2.Nf3 d6 3.Bb5+ Nd7 4.d4 Nf6 5.Nc3 cxd4 6.Qxd4 e5 7.Qd3 h6 8.Be3 Be7
9.O-O O-O 10.a4 Qc7 11.Rfd1 Nc5 12.Bxc5 Qxc5 13.Bc4 Be6 14.Bb3 Rac8 15.a5 Bxb3
16.cxb3 Qb4 17.Qc2 a6 18.Ra4 Qc5 19.Qd3 Rfd8 20.h3 Bf8 21.b4 Qc4 22.b5 Qxd3
23.Rxd3 axb5 24.Nxb5 d5 25.Nxe5 dxe4 26.Rxd8 Rxd8 27.Nc3 Rd2 28.Nxe4 Nxe4
29.Rxe4 Rxb2 30.Nd7 Bd6 31.Re8+ Kh7 32.Nf8+ Kg8 33.Ne6+ Kh7 34.Nf8+ Bxf8
35.Rxf8 f6 36.Rf7 Rb5 37.g4 Kg6 38.Rc7 h5 39.Kg2 Rb3 40.gxh5+ Kh6 41.f3 Rb5
42.Kg3 Rg5+ 43.Kh2 Rb5 44.Kg3 Rg5+ 45.Kf2 Rxa5 46.Rxb7 Rxh5 47.Kg3 Re5 48.h4 Re1
49.Kg2 g6 50.Ra7 Rb1 51.Rf7 f5 52.Kg3 Rg1+ 53.Kf2 Ra1 54.Kg3 Ra8 55.Kf4 Rb8
56.Kg3 Rh8 57.Kf4 Kh5 58.Kg3 Rh6 59.Rg7 f4+ 60.Kxf4 Kxh4 61.Ke3 g5 62.Rg8  1/2-1/2

[Event "3rd ACP Blitz Prelim5"]
[Site "playchess.com INT"]
[Date "2004.06.04"]
[Round "12"]
[White "Glek,I"]
[Black "Petrosian,TL"]
[Result "0-1"]
[WhiteElo "2571"]
[BlackElo "2539"]

1.e4 c5 2.Nf3 d6 3.Bb5+ Nd7 4.d4 Nf6 5.Nc3 cxd4 6.Qxd4 e5 7.Qd3 h6 8.Be3 Be7
9.Bc4 O-O 10.O-O a6 11.a4 Qc7 12.Nh4 Nc5 13.Bxc5 Qxc5 14.Ng6 Re8 15.Nxe7+ Rxe7
16.Rad1 Bg4 17.Rd2 Rd8 18.Nd5 Nxd5 19.Bxd5 Be6 20.c3 a5 21.Rfd1 Bg4 22.Re1 Bd7
23.b3 b5 24.axb5 Bxb5 25.c4 Be8 26.Ra1 Rb8 27.Rda2 Ra7 28.h3 Rb4 29.Ra3 Qb6
30.Qc3 g6 31.Qd3 Kg7 32.Qc3 Bd7 33.Qd3 Be6 34.Bxe6 fxe6 35.Rd1 Rd7 36.Qc3 Rb7
37.Rd3 Qc5 38.Qd2 Rd7 39.Ra1 Qb6 40.Rd1 Rxb3 41.Rxb3 Qxb3 42.c5 Qb4  0-1

[Event "3rd ACP Blitz Prelim5"]
[Site "playchess.com INT"]
[Date "2004.06.04"]
[Round "14"]
[White "Gallegos,Ca"]
[Black "Pogonina,N"]
[Result "0-1"]
[WhiteElo "2452"]
[BlackElo "2393"]

1.e4 c5 2.Nf3 d6 3.Bb5+ Bd7 4.Bxd7+ Qxd7 5.O-O Nf6 6.Re1 e6 7.c3 Be7 8.d4 cxd4
9.cxd4 O-O 10.Nc3 d5 11.Ne5 Qd8 12.Qb3 Nc6 13.Qxb7 Nxd4 14.Be3 Nc2 15.Nc6 Qe8
16.Nxe7+ Kh8 17.exd5 Nxa1 18.Rxa1 exd5 19.Nexd5 Ng4 20.Bc5 Qc8 21.Qxc8 Rfxc8
22.b4 Ne5 23.Re1 Nd3 24.Re7 Nxc5 25.bxc5 Rxc5 26.Rxf7 Kg8 27.Rf3 Rd8 28.Nf4 Rxc3
29.h4 Rxf3 30.gxf3 Rd2  0-1

[Event "TCh-BIH"]
[Site "Neum BIH"]
[Date "2004.06.05"]
[Round "8"]
[White "Kovacevic,A"]
[Black "Ilincic,Z"]
[Result "1/2-1/2"]
[WhiteElo "2559"]
[BlackElo "2538"]

1.e4 c5 2.Nf3 d6 3.Bb5+ Bd7 4.Bxd7+ Qxd7 5.O-O Nc6 6.c3 e5 7.d4 Nf6 8.dxe5 dxe5
9.Qe2 O-O-O 10.Bg5 Be7 11.Na3 Nh5 12.Nxe5 Nxe5 13.Qxh5 g6 14.Qh4 f6 15.Be3 g5
16.Qh5 Qa4 17.c4 Nxc4 18.Qg4+ Kb8 19.Nxc4 Qxc4 20.b3 Qc3 21.Qf5 Qe5 22.Qxe5+ fxe5
23.Rfc1 b6 24.Kf1 Kb7 25.Ke2 Rd7 26.Bd2 Rhd8 27.Bc3 Bf6 28.Rd1 Kc6 29.Rxd7 Rxd7
30.Rc1 Kd6 31.Rd1+ Ke6 32.Rxd7 Kxd7 33.Kd3 b5 34.f3 Ke6 35.Ba5 Kd6 36.Bc3  1/2-1/2

[Event "TCh-BIH"]
[Site "Neum BIH"]
[Date "2004.06.05"]
[Round "8"]
[White "Savic,Miod1"]
[Black "Sibarevic,M"]
[Result "0-1"]
[WhiteElo "2529"]
[BlackElo "2358"]

1.e4 c5 2.Nf3 d6 3.Bb5+ Nd7 4.O-O a6 5.Bxd7+ Bxd7 6.d4 cxd4 7.Qxd4 e5 8.Qd3 h6
9.c4 Nf6 10.b3 Be7 11.Nc3 O-O 12.Rd1 b5 13.c5 dxc5 14.Nxe5 Be6 15.Qg3 Qe8
16.Bxh6 Nh5 17.Qf3 f6 18.Nc6 Qxc6 19.Qxh5 f5 20.Bg5 Bd6 21.Nd5 Ra7 22.Qh4 Re8
23.Rac1 Rd7 24.f3 c4 25.Kh1 Ba3 26.Nf6+ gxf6 27.Bxf6 Rh7 28.Qg5+ Kf7 29.exf5 Rg8
30.Qf4 Bxc1 31.fxe6+ Qxe6 32.Qxc1 Qe2 33.Rd7+ Ke6 34.Rd2 Rxh2+ 35.Kxh2 Rxg2+
36.Kh1 Rh2+ 37.Kg1 Qxd2 38.Qf1 Kxf6 39.bxc4 Re2  0-1

[Event "3rd ACP Blitz Octofinal"]
[Site "playchess.com INT"]
[Date "2004.06.05"]
[Round "1"]
[White "Baklan,V"]
[Black "Karjakin,Sergey"]
[Result "1/2-1/2"]
[WhiteElo "2615"]
[BlackElo "2580"]

1.e4 c5 2.Nf3 d6 3.Bb5+ Bd7 4.Bxd7+ Qxd7 5.O-O Nf6 6.e5 dxe5 7.Nxe5 Qc8 8.Qf3 e6
9.Nc3 Nbd7 10.Nc4 Be7 11.d3 Nb6 12.Na5 Nbd5 13.Nxd5 Nxd5 14.c4 Nb4 15.Bd2 Nc2
16.Rab1 b6 17.Nc6 Bf6 18.Bc3 Nd4 19.Bxd4 Bxd4 20.b4 Bf6 21.bxc5 bxc5 22.Rb5 O-O
23.Rxc5 Qa6 24.Ra5 Qb6 25.Rb5 Qc7 26.d4 Rac8 27.d5 exd5 28.cxd5 Qd6 29.g3 Rc7
30.Rfb1 h6 31.Rb8 Rxb8 32.Rxb8+ Kh7 33.Rb5 Rd7 34.h4 g6 35.Ra5 Kg7 36.Rxa7 Rxa7
37.Nxa7 Qa6 38.Nc6 Qxa2 39.Kg2 Qd2 40.Nb8 h5 41.Nc6 Bb2 42.Qe4 Bf6 43.Ne5 Qc3
44.Nd7 Bd4 45.d6 Qd2 46.Qf4 Qd1 47.Ne5 Bxe5 48.Qxe5+ Kh7 49.Qf6 Qd5+ 50.Kg1 Kg8
51.Qe7 Qd1+ 52.Kh2 Qd2 53.Qe8+ Kg7 54.Qe5+ Kg8 55.Kg2 Qd1 56.Qc5 Kg7 57.Qc6 Qd4
58.d7 Kh7 59.Qb5 Qe4+ 60.Kh2 Qd4 61.Kg1 Qd1+ 62.Kg2 Qd4 63.Qc6 Kg7 64.Qc7 Qd5+
65.Kh2 Qd4 66.d8=Q Qxf2+ 67.Kh3 Qf1+ 68.Kh2 Qf2+ 69.Kh3 Qf1+ 70.Kh2 Qf2+  1/2-1/2

[Event "3rd ACP Blitz Octofinal"]
[Site "playchess.com INT"]
[Date "2004.06.05"]
[Round "2"]
[White "Fressinet,L"]
[Black "Karjakin,Sergey"]
[Result "1/2-1/2"]
[WhiteElo "2638"]
[BlackElo "2580"]

1.e4 c5 2.Nf3 d6 3.Bb5+ Bd7 4.Bxd7+ Qxd7 5.O-O Nf6 6.Qe2 Nc6 7.Rd1 e6 8.d4 cxd4
9.Nxd4 Be7 10.c4 O-O 11.Nc3 Rac8 12.b3 Nxd4 13.Rxd4 Qc6 14.Bb2 a6 15.Rc1 Rfe8
16.Rd3 Nd7 17.Rcd1 Ne5 18.Rg3 Ng6 19.Qg4 Bf6 20.Ba3  1/2-1/2

[Event "3rd ACP Blitz Octofinal"]
[Site "playchess.com INT"]
[Date "2004.06.05"]
[Round "3"]
[White "Baklan,V"]
[Black "Karjakin,Sergey"]
[Result "1-0"]
[WhiteElo "2615"]
[BlackElo "2580"]

1.e4 c5 2.Nf3 d6 3.Bb5+ Bd7 4.Bxd7+ Qxd7 5.O-O Nf6 6.e5 dxe5 7.Nxe5 Qc8 8.Qf3 e6
9.Nc3 Be7 10.d3 Nbd7 11.Nc4 Nb6 12.Na5 Nbd5 13.Nxd5 exd5 14.Re1 Qc7 15.Bf4 Qxa5
16.Bd6 Ne4 17.Bxe7 Kxe7 18.dxe4 d4 19.Qg3 Qb6 20.Qxg7 Qf6 21.Qg3 Kd7 22.e5 Qe6
23.c3 Rhg8 24.Qf3 Rad8 25.cxd4 cxd4 26.Qxb7+ Ke8 27.Rad1 Rd5 28.Rc1 Kf8 29.Re4 Kg7
30.h3 Kh8 31.Rg4 Rxg4 32.hxg4 d3 33.Qc8+ Qxc8 34.Rxc8+ Kg7 35.Rc1 Rxe5 36.Rd1 Re2
37.Rxd3 Rxb2 38.Ra3 Rb7 39.Ra6 f6 40.Kh2 Kg6 41.f4 h6 42.Kh3 Rb4 43.g3 Rb7
44.Kh4 Kg7 45.g5 hxg5+ 46.fxg5 fxg5+ 47.Kxg5 Rb5+ 48.Kh4 Rb7 49.g4 Rc7 50.Kh5 Rb7
51.g5 Rc7 52.a4 Rb7 53.a5 Rc7 54.Rd6 Kg8 55.Kh6 Rh7+ 56.Kg6 Rg7+ 57.Kf5 Rf7+
58.Kg4 Rf1 59.Kh5 Rf7 60.a6 Rh7+ 61.Rh6 Rd7 62.Rc6 Kg7 63.Rc5 Kg8 64.Rb5 Rd3
65.Rb8+ Kg7 66.Rb7+ Kg8 67.Rxa7 Rd6 68.Kg4 Rd5 69.Rb7  1-0

[Event "3rd ACP Blitz Octofinal"]
[Site "playchess.com INT"]
[Date "2004.06.05"]
[Round "3"]
[White "Fressinet,L"]
[Black "Petrosian,TL"]
[Result "1/2-1/2"]
[WhiteElo "2638"]
[BlackElo "2539"]

1.e4 c5 2.Nf3 d6 3.Bb5+ Nd7 4.d4 Nf6 5.O-O cxd4 6.Qxd4 e5 7.Qd3 h6 8.c4 Be7
9.Nc3 O-O 10.Bxd7 Bxd7 11.h3 a6 12.a4 Rb8 13.Be3 Qc7 14.Rac1 Rfc8 15.b3 Qa5
16.Rfd1 Bc6 17.Bd2 Qc7 18.Nd5 Bxd5 19.cxd5 Qd7 20.Be3 Rxc1 21.Rxc1 Rc8 22.Rc4 Bd8
23.Nd2 Ba5 24.Rxc8+ Qxc8 25.Nc4 Bb4 26.f3 Nd7 27.Kh2 h5 28.Bf2 g6 29.Be3 Kg7
30.Qe2 Qc7 31.Qd3 Nc5 32.Qc2 Nd7 33.Qd3 Nc5 34.Qc2 Nd7 35.Bd2 Qc5 36.Be3 Qc7  1/2-1/2

[Event "3rd ACP Blitz Octofinal"]
[Site "playchess.com INT"]
[Date "2004.06.05"]
[Round "4"]
[White "Glek,I"]
[Black "Kobalia,M"]
[Result "1-0"]
[WhiteElo "2571"]
[BlackElo "2630"]

1.e4 c5 2.Nf3 d6 3.Bb5+ Bd7 4.Bxd7+ Qxd7 5.O-O Nc6 6.c3 Nf6 7.d4 cxd4 8.cxd4 Nxe4
9.d5 Ne5 10.Re1 Nf6 11.Nxe5 dxe5 12.Rxe5 g6 13.Nc3 Bg7 14.Bg5 O-O 15.Qe2 Rfe8
16.Re1 h6 17.Bh4 Rad8 18.h3 a6 19.Kf1 b5 20.Rxe7 Rxe7 21.Qxe7 Qxe7 22.Rxe7 g5
23.Bg3 Nxd5 24.Nxd5 Rxd5 25.Ra7 f5 26.Bb8 Rd8 27.Bc7 Rd7 28.Ra8+ Kh7 29.Bb6 Rd6
30.Bc5 Rd1+ 31.Ke2 Rc1 32.b4 Rc2+ 33.Kd3 Rxa2 34.g4 Kg6 35.Rb8 Ra3+ 36.Ke2 fxg4
37.hxg4 a5 38.Rb6+ Kh7 39.Rxb5 a4 40.Ra5 Ra2+ 41.Kf3 Bc3 42.Ra7+ Kg8 43.b5 Rb2
44.b6 Bb4 45.Bxb4 Rxb4 46.b7 a3 47.Ra8+ Kf7 48.b8=Q  1-0

[Event "3rd ACP Blitz Octofinal"]
[Site "playchess.com INT"]
[Date "2004.06.05"]
[Round "4"]
[White "Fressinet,L"]
[Black "Karjakin,Sergey"]
[Result "1/2-1/2"]
[WhiteElo "2638"]
[BlackElo "2580"]

1.e4 c5 2.Nf3 d6 3.Bb5+ Bd7 4.Bxd7+ Qxd7 5.O-O Nf6 6.Qe2 Nc6 7.Rd1 g6 8.c3 Bg7
9.d4 cxd4 10.cxd4 O-O 11.d5 Na5 12.Bd2 b6 13.Bxa5 bxa5 14.Nc3 Ng4 15.Nd4 Rfc8
16.Rac1 a4 17.a3 a6 18.h3 Ne5 19.f4 Qa7 20.Kh1 Ng4 21.Qxg4 Bxd4 22.Nb5 Rxc1
23.Nxa7 Rxd1+ 24.Qxd1 Bxa7 25.Qxa4 Be3 26.g3 a5 27.Qc4 Bc5 28.Qb5 a4 29.Kg2 h5
30.g4 hxg4 31.hxg4 f6 32.Kf3 g5 33.fxg5 fxg5 34.Ke2 Kf7 35.e5 Bd4 36.e6+ Kg7
37.Qb7 Ra7 38.Qb8 Ra5 39.Kd3 Bf6 40.Ke4 Rc5 41.b3 axb3 42.Qxb3 Rc3 43.Qb4 Rg3
44.Qe1 Rxa3 45.Qh1 Ra4+ 46.Ke3 Rxg4 47.Qh5 Rg3+ 48.Kf2 Rd3 49.Qf7+ Kh6 50.Qxf6+ exf6
51.e7 Rd2+ 52.Kf1 Rd1+ 53.Kf2 Rd2+ 54.Kf1 Rd1+  1/2-1/2

[Event "FSGM June"]
[Site "Budapest HUN"]
[Date "2004.06.11"]
[Round "7"]
[White "Szieberth,A"]
[Black "Seres,L"]
[Result "1/2-1/2"]
[WhiteElo "2370"]
[BlackElo "2497"]

1.e4 c5 2.Nf3 d6 3.Bb5+ Bd7 4.Bxd7+ Qxd7 5.c4 Nc6 6.Nc3 g6 7.d4 cxd4 8.Nxd4 Bg7
9.Nde2 Nf6 10.O-O O-O 11.f3 a6 12.Be3  1/2-1/2

[Event "II Gyorgy Marx Mem"]
[Site "Paks HUN"]
[Date "2004.06.14"]
[Round "9"]
[White "Nevednichy,V"]
[Black "Berkes,F"]
[Result "1/2-1/2"]
[WhiteElo "2544"]
[BlackElo "2613"]

1.e4 c5 2.Nf3 d6 3.Bb5+ Bd7 4.Bxd7+ Nxd7 5.O-O Ngf6 6.Qe2 g6 7.c3 Bg7 8.d4 e6
9.d5 O-O 10.dxe6 fxe6 11.e5 dxe5 12.Nxe5 Nxe5 13.Qxe5 Qd5 14.Qe2 Rad8 15.Be3 b6
16.Nd2 e5 17.a4 e4 18.a5 Qd3 19.Rfe1 Rd5 20.axb6 axb6 21.h3 Rfd8 22.Ra7 Qc2
23.Nc4 Qxe2 24.Rxe2 b5 25.Nd2 Bf8 26.g4 g5 27.Rb7 b4 28.Kg2 bxc3 29.bxc3 h6
30.c4 Re5 31.Nf1 h5 32.gxh5 Nxh5 33.Ng3 Nxg3 34.Kxg3 Be7 35.Rd2 Rc8 36.Kg4 Kf8
37.Rdd7 Ke8 38.Ra7 Rc6 39.Rd5 Rce6 40.Ra6 Kf7 41.Rxe6 Rxe6 42.Bxg5 Bxg5 43.Kxg5 e3
44.fxe3 Rxe3 45.h4 Rg3+ 46.Kh5 Kf6 47.Rxc5 Rg1 48.Rc8 Rg2 49.c5 Rg1 50.c6 Kg7
51.Rc7+ Kf6 52.Rd7 Rc1 53.c7 Rc4 54.Rh7 Kf5 55.Kh6 Rc6+ 56.Kh5 Rc4 57.Rf7+ Ke6
58.Rf3 Rxc7 59.Kg6 Rc1 60.Re3+ Kd6 61.h5 Rg1+ 62.Kf6 Rf1+ 63.Kg7 Rg1+ 64.Kh7 Kd7
65.h6 Rg2 66.Kh8 Rg6 67.h7 Rg1  1/2-1/2

[Event "8th Open"]
[Site "Voronezh RUS"]
[Date "2004.06.16"]
[Round "5"]
[White "Alavkin,A"]
[Black "Voitsekhovsky,S"]
[Result "1/2-1/2"]
[WhiteElo "2488"]
[BlackElo "2494"]

1.e4 c5 2.Nf3 d6 3.Bb5+ Bd7 4.Bxd7+ Qxd7 5.c4 Nf6 6.Nc3 Nc6 7.d4 cxd4 8.Nxd4 g6
9.O-O Bg7 10.Nde2 Qe6 11.Nd5 Qxe4 12.Nc7+ Kd7 13.Nxa8 Qxc4 14.Nb6+ axb6 15.Nc3 Ra8
16.Be3 Ra6 17.Rc1 Ke8 18.Qd2 Ne4 19.Nxe4 Qxe4 20.b3 b5 21.Rfe1 Qf5 22.Bg5 Bf6
23.h4 Bxg5 24.hxg5 Kf8 25.Rc3 Ne5 26.f3  1/2-1/2

[Event "8th Open"]
[Site "Voronezh RUS"]
[Date "2004.06.16"]
[Round "5"]
[White "Nadeev,S"]
[Black "Popov,Val"]
[Result "0-1"]
[WhiteElo "2353"]
[BlackElo "2547"]

1.e4 c5 2.Nf3 d6 3.Bb5+ Nd7 4.d4 Nf6 5.O-O a6 6.Bxd7+ Nxd7 7.a4 e6 8.c4 Be7
9.Nc3 O-O 10.Be3 h6 11.Qe2 Qc7 12.Nd2 Bf6 13.e5 dxe5 14.dxc5 Be7 15.a5 Nxc5
16.b4 Nd7 17.c5 f5 18.f3 Bf6 19.Rac1 Nb8 20.Nc4 Nc6 21.Nb6 Rb8 22.b5 axb5
23.Nxb5 Qe7 24.Rfd1 Nxa5 25.Qa2 Nc6 26.Nd6 Kh7 27.Ndxc8 Rfxc8 28.Nxc8 Rxc8
29.Rd6 Re8 30.Rb1 e4 31.f4 Qf7 32.Qb3 Re7 33.Qc4 Qg6 34.Rdd1 e5 35.Rd6 Qg4
36.Qf1 exf4 37.Qxf4 Bg5 38.Qf2 f4  0-1

[Event "8th Open"]
[Site "Voronezh RUS"]
[Date "2004.06.16"]
[Round "5"]
[White "Shaposhnikov,E"]
[Black "Ibraev,N"]
[Result "1-0"]
[WhiteElo "2559"]
[BlackElo "2445"]

1.e4 c5 2.Nf3 d6 3.Bb5+ Bd7 4.Bxd7+ Nxd7 5.O-O Ngf6 6.d3 g6 7.Ng5 h6 8.Nh3 Bg7
9.f4 e6 10.Nc3 O-O 11.f5 g5 12.Be3 d5 13.e5 Nxe5 14.Bxc5 Re8 15.fxe6 fxe6
16.Kh1 Qc7 17.Bg1 a6 18.Ne2 Rac8 19.c3 Qf7 20.Bd4 Ned7 21.Ng3 Qg6 22.Qe2 h5
23.Bxf6 Nxf6 24.Qe3 h4 25.Ne2 g4 26.Nhf4 Qh6 27.Qe5 g3 28.Qd6 Ng4 29.Nh3 Nxh2
30.Rf4 Rf8 31.Qe7 Rf6 32.Qxb7 Rcf8 33.Qd7 Kh8 34.Re1 e5 35.Rxf6 Rxf6 36.Neg1 Qh5
37.Qxd5 Ng4 38.Nf3 Rf8 39.Qe4 Bh6 40.Kg1 Nf2 41.Nxf2 gxf2+ 42.Kxf2 Bf4 43.Rh1 Bg3+
44.Ke2 Rf4 45.Qxe5+ Qxe5+ 46.Nxe5 Rf2+ 47.Ke3 Rxb2 48.Ng6+ Kg8 49.Nxh4 Rxa2
50.Nf5 Be5 51.d4 Bf6 52.g4 a5 53.Kd3 a4 54.g5 Bg7 55.g6  1-0

[Event "8th Open"]
[Site "Voronezh RUS"]
[Date "2004.06.17"]
[Round "6"]
[White "Tairova,E"]
[Black "Avdeeva,V"]
[Result "0-1"]
[WhiteElo "2241"]
[BlackElo "2142"]

1.e4 c5 2.Nf3 d6 3.Bb5+ Nd7 4.d4 Nf6 5.Nc3 a6 6.Bxd7+ Nxd7 7.O-O e6 8.dxc5 Nxc5
9.a4 b6 10.b4 Nd7 11.Bb2 Be7 12.Qd4 Nf6 13.Rfd1 O-O 14.e5 dxe5 15.Qxe5 Bd7
16.Ne4 Rc8 17.Qg5 Ne8 18.Qd2 Bc6 19.Qe1 Qc7 20.Nd4 Bd5 21.Rd3 Qb7 22.Ng3 Nf6
23.f3 Bc4 24.Rdd1 Nd5 25.c3 Nf4 26.Ba3 Rfd8 27.Ne4 Bd5 28.Nf2 Qc7 29.Bb2 Bd6
30.Ng4 Ng6 31.h3 Bg3 32.Qe2 Bc4 33.Qc2 Bf4 34.Ne2 Bg5 35.Nd4 h5 36.Nf2 Be3
37.Qe4 Qf4 38.Qxf4 Nxf4 39.Bc1 Ne2+ 40.Kh2 Bxf2 41.Bg5 Bg3+ 42.Kh1 Rd5 43.Nxe2 Bxe2  0-1

[Event "National Open"]
[Site "Las Vegas USA"]
[Date "2004.06.18"]
[Round "2"]
[White "Chase,C"]
[Black "Khachiyan,M"]
[Result "1/2-1/2"]
[WhiteElo "2349"]
[BlackElo "2468"]

1.e4 c5 2.Nf3 d6 3.Bb5+ Nc6 4.Bxc6+ bxc6 5.O-O e5 6.c3 Nf6 7.Re1 Bg4 8.h3 Bh5
9.d4 cxd4 10.cxd4 exd4 11.e5 dxe5 12.g4 Nxg4 13.Nxe5 Nxe5 14.Rxe5+ Be7 15.Qxh5 O-O
16.Na3 Bf6 17.Bg5 Bxg5 18.Rxg5 g6 19.Qh6 Re8 20.Rg4 f5 21.Rh4 Re7 22.Rd1 c5
23.Kh2 Qb8+  1/2-1/2

[Event "St John Uni"]
[Site "New York USA"]
[Date "2004.06.18"]
[Round "2"]
[White "Benjamin,Joe"]
[Black "Sarkar,J"]
[Result "1-0"]
[WhiteElo "2566"]
[BlackElo "2375"]

1.e4 c5 2.Nf3 d6 3.Bb5+ Nd7 4.c3 Nf6 5.Qe2 a6 6.Ba4 c4 7.Bc2 Qc7 8.O-O Ne5
9.Nxe5 dxe5 10.b3 cxb3 11.axb3 Bd7 12.Ba3 Rc8 13.f4 exf4 14.e5 Ng4 15.d4 Ne3
16.Rxf4 Nxc2 17.Qxc2 g5 18.Rf1 Qb6 19.Qf2 Qxb3 20.Nd2 Qe6 21.c4 Rxc4 22.d5 Qxd5
23.Nxc4 Qxc4 24.Rac1 Qe6 25.Qa7 Bg7 26.Qb8+  1-0

[Event "National Open"]
[Site "Las Vegas USA"]
[Date "2004.06.19"]
[Round "3"]
[White "Khachiyan,M"]
[Black "Rensch,D"]
[Result "1-0"]
[WhiteElo "2468"]
[BlackElo "2364"]

1.e4 c5 2.Nf3 d6 3.Bb5+ Bd7 4.Bxd7+ Qxd7 5.c4 Nc6 6.O-O g6 7.d4 cxd4 8.Nxd4 Bg7
9.Be3 Nf6 10.f3 Rc8 11.b3 O-O 12.Nc3 e6 13.Rc1 Rfd8 14.Qd2 b6 15.Nxc6 Qxc6
16.Bd4 Rd7 17.Rfd1 Qb7 18.Qf2 Rcd8 19.Rd3 Qc6 20.Rcd1 Ne8 21.a4 Nc7 22.Nb5 Na6
23.Bxg7 Kxg7 24.Qd2 Nc5 25.Qc3+ Kg8 26.R3d2 a6 27.Nd4 Qc7 28.Nc2 Qb7 29.Ne3 e5
30.Ng4 Kg7 31.Rxd6 Rxd6 32.Rxd6 Qe7 33.Rxd8 Qxd8 34.Qxe5+ f6 35.Qc3 Qd6 36.Ne3 Ne6
37.Nd5 Nf4 38.Qe3 Nxd5 39.exd5 h5 40.h3 h4 41.Qd4 g5 42.a5 bxa5 43.c5 Qg3
44.Qe3 f5 45.d6 g4 46.hxg4 fxg4 47.Qg5+ Kf7 48.Qf5+ Ke8 49.Qe6+ Kf8 50.Qe7+  1-0

[Event "National Open"]
[Site "Las Vegas USA"]
[Date "2004.06.19"]
[Round "3"]
[White "Shabalov,A"]
[Black "Gurevich,D"]
[Result "1/2-1/2"]
[WhiteElo "2624"]
[BlackElo "2497"]

1.e4 c5 2.Nf3 d6 3.Bb5+ Bd7 4.Bxd7+ Qxd7 5.c4 Nf6 6.Nc3 Nc6 7.d4 cxd4 8.Nxd4 e6
9.O-O Be7 10.b3 O-O 11.Bb2 Rac8 12.Rc1 Rfd8 13.Re1 b6 14.Qd3 a6 15.Rcd1 Nxd4
16.Qxd4 Qb7 17.a4 Ne8 18.Re2 Bf6 19.Qe3 Rc6 20.h3 h6 21.Rd3 Rc5 22.Red2 Rdc8
23.Ba3 R5c6 24.Bb4 Be5 25.Rd1 Qc7 26.Ne2 Qb8 27.Nd4 Bxd4 28.Rxd4 b5 29.cxb5 axb5
30.a5 Qa8 31.Kh2 Rc2 32.Qg3 e5 33.R4d3 Qxe4 34.Bxd6 Nxd6 35.Rxd6 R8c3 36.R1d3 Rxd3
37.Rxd3 Ra2 38.Re3 Qc2 39.Qxe5 Qxf2 40.Rg3 g6 41.Qxb5 Qf4 42.Qe8+  1/2-1/2